000 00440nam a22001457a 4500
999 _c11994
_d11994
008 190114b ||||| |||| 00| 0 eng d
020 _a971-72-1052-4
082 _22000
_aDFil 899.2111
_bL11
245 _aAng ahos.bow./
_cJose F. Lacaba
260 _aPasig City:
_bAnvil Publishing,
_cc2000.
300 _aPage 29;
_c21 cm.
500 _aEdad medya: Mga tula sa katanghaliang gulang
650 _aFilipino poetry
_934047
942 _2ddc
_cDFIL